| 000 | 00389nam a2200145Ia 4500 | ||
|---|---|---|---|
| 999 |
_c2822 _d2822 |
||
| 003 | MAJU-Karachi | ||
| 005 | 20221118142744.0 | ||
| 008 | 190902s9999||||xx |||||||||||||| ||und|| | ||
| 040 | _c0 | ||
| 100 | _aShaubai Urdu Wafaqi Urdu University | ||
| 245 | 0 | _aMukhzan-e-Adab : Urdu Lazmi ka Jadeed Nisaab | |
| 260 |
_aKarachi _bWafaqi Urdu University _c2015 |
||
| 300 | _a343 | ||
| 942 |
_cBK _2ddc |
||